• 首页
  • 本馆介绍
  • 公告通知
  • 最新文献
  • 馆藏检索
  • 电子资源
  • 读者导购
  • 参考咨询
  • 我的图书馆
  • 登录
  • 详细信息显示
  • 放入我的书架
  • 预约/预借图书
  • 作者相关作品
  • 分类相关作品
  • 丛书相关作品
  • 出版社相关作品

书目信息

  • 表格格式
  • 工作单格式
  • 卡片格式
题名:
档案信息生态性保护理论与实现研究
    
 
作者: 麻新纯, , 徐辛酉, , 归吉官, 著
分册:  
出版信息: 北京   北京理工大学出版社  2021.12
页数: 247页
开本: 24cm
丛书名:
单 册:
中图分类: G273.3
科图分类:
主题词: 档案保护--dang an bao hu--研究
电子资源:
ISBN: 978-7-5763-0804-4
000 01531nam0 2200301 450
001 012001001043
005 20141202104153.0
010    @a978-7-5763-0804-4@dCNY86.00
099    @aCAL 012022032125
100    @a20220905d2021 em y0chiy50 ea
101 0  @achi
102    @aCN@b110000
105    @aa a 000yy
106    @ar
200 1  @a档案信息生态性保护理论与实现研究@Adang an xin xi sheng tai xing bao hu li lun yu shi xian yan jiu@d= Research on the theory and implementation of ecological protection of archives information@f麻新纯, 徐辛酉, 归吉官著@zeng
210    @a北京@c北京理工大学出版社@d2021.12
215    @a247页@c图@d24cm
314    @a麻新纯, 管理学博士, 教授, 硕士生导师, 现任梧州学院副校长。徐辛酉, 管理学博士, 副研究馆员, 硕士生导师, 广西民族大学专任教师。归吉官, 管理学博士, 副教授, 硕士生导师, 广西民族大学专任教师。
320    @a有书目 (第240-245页)
330    @a本书研究档案信息生态性保护理论与实践, 总体分为两大模块: 一是理论研究, 二是实践研究。内容包括: 档案信息生态性保护的提出、档案信息生态性保护的价值维度、档案信息生态性保护的理论维度、档案信息生态性保护的系统维度、档案信息生态性保护的管理维度等。
510 1  @aResearch on the theory and implementation of ecological protection of archives information@zeng
606 0  @a档案保护@Adang an bao hu@x研究
690    @aG273.3@v5
701  0 @a麻新纯,@Ama xin chun@f1968-@4著
701  0 @a徐辛酉,@Axu xin you@f1981-@4著
701  0 @a归吉官,@Agui ji guan@f1983-@4著
801  0 @aCN@bAHXH@c20221111
905    @b1362835-7@dG273.3@e244@f3
    
    档案信息生态性保护理论与实现研究= Research on the theory and implementation of ecological protection of archives information/麻新纯, 徐辛酉, 归吉官著.-北京:北京理工大学出版社,2021.12
    247页:图;24cm
    
    
    ISBN 978-7-5763-0804-4:CNY86.00
    本书研究档案信息生态性保护理论与实践, 总体分为两大模块: 一是理论研究, 二是实践研究。内容包括: 档案信息生态性保护的提出、档案信息生态性保护的价值维度、档案信息生态性保护的理论维度、档案信息生态性保护的系统维度、档案信息生态性保护的管理维度等。
●
相关链接 在E读中查询图书 在五车中查询图书 在当当中查询图书 在豆瓣中查询图书


正题名:档案信息生态性保护理论与实现研究     索取号:G273.3/244         预约/预借

序号 登录号 条形码 馆藏地/架位号 状态 备注
1 1362835   213628350   第一样本阅览室/ [索取号:G273.3/244] 在馆    
2 1362836   213628369   第四借阅区/ [索取号:G273.3/244] 在馆    
3 1362837   213628378   第四借阅区/ [索取号:G273.3/244] 在馆    
唐山师范学院图书馆 欢迎您!
大连网信软件有限公司© 版权所有